000 00721cab a2200253 4500
001 ABS52618
008 090401t1995 xxu||||| |||| 00| 0 eng d
035 _a(Sirsi) u86753
041 _aeng
100 _aBowater, R.
245 _aAchilles Heel
260 _c1995
350 _a0
490 _aIRRV Journal
_vMarch 1995, 39(1)
520 _aReports on two meetings held between the DoE, Valuation Office and surveying organisations on amending the non-domestic rating appeal regulations.
650 _aAPPEAL PROCEDURE
650 _aAPPEALS
650 _aBUSINESS RATES
650 _aLATE SETTLEMENT
650 _aTHREE DAY RULE
690 _aRATING AND VALUATION
942 _n0
948 _c04/03/1997
999 _c54636
_d54636